10 Largest Lakes in North America - Statistics

General Stats
  • This quiz has been taken 944 times
  • The average score is 9 of 16
Answer Stats
Location Size (Sq. Miles) Answer % Correct
USA 22,000 Michigan
97%
Canada/USA 31,820 Superior
97%
Canada/USA 9,930 Erie
94%
Canada/USA 23,000 Huron
93%
Canada/USA 7,520 Ontario
92%
Canada 12,000 Great Bear
74%
Canada 11,117 Great Slave
73%
Canada 9,094 Winnipeg
61%
United States 1,800 Great Salt
50%
Canada 3,060 Athabasca
34%
Canada/USA 1,680 Lake of the Woods
31%
Canada 1,817 Manitoba
24%
Canada 2,086 Winnipegosis
20%
Canada 2,440 Reindeer
17%
Canada 1,870 Nipigon
14%
Canada 1,956 Nettilling
4%
No matching quizzes found
Score Distribution
Percent of People with Each Score
Percentile by Number Answered
Your Score History
You have not taken this quiz